00703cam a2200193 a 450000100100000000500170001000800410002702000220006802000310009004000250012108200200014624500860016626000460025230000240029844000410032250000660036350000330042965000470046200000312320200929150333.0970606s2002 mx b 001 0 spa d a9682324041 (v. 2) a9682320461 (obra completa) aDO-SdBNPbspacBNPHU a860.9972bH673L00aHistoria de la literatura mexicana :bdesde sus orígenes hasta nuestros días. aMéxico, D.F. :bSiglo Veintiuno,c2002. av. :bil. ;c23 cm. 0aLingüística y teoría literaria av. 2. La cultura letrada en la Nueva España del siglo XVII. aLa bibliteca posee el vol. 2 4aLiteratura mexicanaxHistoria y crítica.